Data mining techniques (Record no. 394351)

MARC details
000 -LEADER
fixed length control field 00557 a2200217 4500
005 - DATE & TIME
control field 20260428150148.0
008 - FIXED-LENGTH DATA ELEMENTS--GENERAL INFORMATION
fixed length control field 260428b |||||||| |||| 00| 0 eng d
020 ## - ISBN
International Standard Book Number 9789386235053
Price Rs. 995.00
040 ## - CATALOGING SOURCE
Original cataloging agency VIVEKANANDA LIBRARY
082 ## - DDC NUMBER
Classification number 006.312
Book Number P964D(4)
100 ## - MAIN ENTRY--PERSONAL NAME
Personal name Pujari, Arun K
245 ## - TITLE STATEMENT
Title Data mining techniques
250 ## - EDITION STATEMENT
Edition statement 4th
260 ## - PUBLICATION, DISTRIBUTION, ETC. (IMPRINT)
Name of publisher, distributor, etc Universities Press
Date of publication, distribution, etc 2024
Place of publication, distribution, etc Hyderabad
300 ## - PHYSICAL DESCRIPTION
Pages xxiv, 407
650 ## - Subject
Subject Computer Science
650 ## - Subject
Subject Artifical Intelligence
650 ## - Subject
Subject Machine Learning
650 ## - Subject
Subject Data Mining
942 ## - ADDED ENTRY ELEMENTS (KOHA)
Koha item type Books
Holdings
Withdrawn status Lost status Source of classification or shelving scheme Damaged status Not for loan Location (home branch) Sublocation or collection (holding branch) Shelving location Date acquired Koha issues (times borrowed) Koha full call number Accession No. Koha date last seen Koha item type
    Dewey Decimal Classification     VIVEKANANDA LIBRARY VIVEKANANDA LIBRARY Vivekananda Library 02/03/2026   006.312 P964D(4) 438640 02/03/2026 Books
© Designed and Maintained by Vivekananda Library, MDU Rohtak